villes jumelées a Bordeaux - Statistiques

Statistiques générales
  • Ce quiz a été pris 5 fois
  • Le résultat moyen est 9 sur 19
Statistiques - réponses
Pays Année Ville % Correct
Azerbaïdjan 1979 Bakou
75%
Perou 1956 Lima
75%
Esapgne 1984 Madrid
75%
Portugal 1978 Porto
75%
Mali 1999 Bamako
50%
Royaume Uni 1947 Bristol
50%
Maroc 1988 Casablanca
50%
Japon 1982 Fukuoka
50%
États unis 1964 Los Angeles
50%
Allemagne 1964 Munich
50%
Canada 1962 Quebec
50%
Russie 1992 Saint Petersbourg
50%
Israël 1984 Ashdod
25%
Pologne 1993 Cracovie
25%
Algerie 2003 Oran
25%
Burkina Faso 2005 Ouagadougou
25%
Palestine 2007 Ramallah
25%
Lettonie 1993 Riga
25%
Chine 1998 Wuhan
25%
Aucun quiz correspondant
Distribution des résultats
% des personnes avec chaque résultat
Percentile par nombre de réponses
Votre historique - résultats
Vous n’avez pas pris ce quiz